<?xml version="1.0" encoding="UTF-8"?>
<record
    xmlns:xsi="http://www.w3.org/2001/XMLSchema-instance"
    xsi:schemaLocation="http://www.loc.gov/MARC21/slim http://www.loc.gov/standards/marcxml/schema/MARC21slim.xsd"
    xmlns="http://www.loc.gov/MARC21/slim">

  <leader>00854nam a2200217   4500</leader>
  <controlfield tag="001">81705</controlfield>
  <controlfield tag="003">BD-RjUL</controlfield>
  <controlfield tag="005">20230816161829.0</controlfield>
  <controlfield tag="008">230816s1968    ii ||||| |||| 00| 0 urd d</controlfield>
  <datafield tag="035" ind1=" " ind2=" ">
    <subfield code="a">(BD-RjUL)81705</subfield>
  </datafield>
  <datafield tag="040" ind1=" " ind2=" ">
    <subfield code="a">BD-RjUL</subfield>
    <subfield code="b">eng</subfield>
    <subfield code="c">BD-RjUL</subfield>
  </datafield>
  <datafield tag="041" ind1=" " ind2=" ">
    <subfield code="a">urd</subfield>
  </datafield>
  <datafield tag="082" ind1=" " ind2=" ">
    <subfield code="2">23</subfield>
    <subfield code="a">891.43909</subfield>
    <subfield code="b">VAA 1968</subfield>
  </datafield>
  <datafield tag="100" ind1=" " ind2=" ">
    <subfield code="a"> &#x633;&#x646;&#x62F;&#x649;&#x644;&#x648;&#x649;&#x66B; &#x648;&#x635;&#x649; &#x627;&#x62D;&#x645;&#x62F;,   Sandilavi, Wasi Ahmad,</subfield>
    <subfield code="d">1923</subfield>
    <subfield code="9">8381</subfield>
  </datafield>
  <datafield tag="245" ind1="1" ind2="0">
    <subfield code="a">&#x639;&#x628;&#x62F;&#x627;&#x644;&#x628;&#x627;&#x631;&#x649; &#x622;&#x633;&#x649; : &#x627;&#x649;&#x6A9; &#x62A;&#x62D;&#x642;&#x649;&#x642;&#x649; &#x646;&#x638;&#x631; / &#x2BB;Abdulb&#x101;r&#x12B; &#x100;s&#x12B; : ek ta&#x1E25;q&#x12B;q&#x12B; naz&#x324;ar /</subfield>
    <subfield code="c">&#x648;&#x635;&#x649; &#x627;&#x62D;&#x645;&#x62F; &#x633;&#x646;&#x62F;&#x649;&#x644;&#x648;&#x649;.  ;; Va&#x1E63;&#x12B; A&#x1E25;mad Sand&#x12B;lv&#x12B;</subfield>
  </datafield>
  <datafield tag="260" ind1=" " ind2=" ">
    <subfield code="a">Lakhna&#x2BC;&#x16B;, </subfield>
    <subfield code="b">&#x646;&#x633;&#x649;&#x645; &#x628;&#x6A9;&#x688;&#x67E;&#x648;&#x60C;, / Nas&#x12B;m Buk&#x1E0D;ipo,</subfield>
    <subfield code="c">1968</subfield>
  </datafield>
  <datafield tag="300" ind1=" " ind2=" ">
    <subfield code="a">157 p. ;</subfield>
    <subfield code="c">19 cm</subfield>
  </datafield>
  <datafield tag="600" ind1=" " ind2=" ">
    <subfield code="a">&#x100;s&#x12B;, &#x2BB;Abdulb&#x101;r&#x12B; </subfield>
    <subfield code="9">8382</subfield>
  </datafield>
  <datafield tag="650" ind1=" " ind2=" ">
    <subfield code="a">Urdu Literature</subfield>
    <subfield code="v">Criticism and interpretation Criticism, interpretation, etc</subfield>
    <subfield code="9">8383</subfield>
  </datafield>
  <datafield tag="942" ind1=" " ind2=" ">
    <subfield code="2">ddc</subfield>
    <subfield code="c">BK</subfield>
  </datafield>
  <datafield tag="999" ind1=" " ind2=" ">
    <subfield code="c">81705</subfield>
    <subfield code="d">81705</subfield>
  </datafield>
  <datafield tag="952" ind1=" " ind2=" ">
    <subfield code="0">0</subfield>
    <subfield code="1">0</subfield>
    <subfield code="2">ddc</subfield>
    <subfield code="4">0</subfield>
    <subfield code="7">1</subfield>
    <subfield code="8">NFIC</subfield>
    <subfield code="a">RUCL</subfield>
    <subfield code="b">RUCL</subfield>
    <subfield code="c">Reading</subfield>
    <subfield code="d">2023-08-16</subfield>
    <subfield code="l">0</subfield>
    <subfield code="o">U 891.43909 VAA 1968</subfield>
    <subfield code="r">2023-08-16 00:00:00</subfield>
    <subfield code="t">C-1</subfield>
    <subfield code="w">2023-08-16</subfield>
    <subfield code="y">BK</subfield>
  </datafield>
</record>
